00470nam a2200193 a 4500001001300000003000900013005001700022008004100039020001100080082001800091100002300109245001100132260003300143300000900176500003500185505001700220650001600237700002300253nice12345678IN_TiNIC20260116012136.0050524s0000 amra grp 000 0 urd  ac2.2500a891.4391bADA aAdam, Abdul Hameed aGulnar aAmritsarbPagdandi Pubc0000 a128p aincludes index and biblioraphy2 aBibliography aUrdu-Poetry1 aAdam, Abdul Hameed